000 00533nam a2200145Ia 4500
005 20260209120128.0
008 260209s9999||||xx |||||||||||||| ||und||
100 _aPoonam Kumari
245 2 _aA critical overview of disaster management law in India
260 _aBangaloreBangalore
_bNLSIU
_c2010
300 _a119 p. ; 25 cm.
650 _aDisaster Management - India, Disaster - Natural - Manmade
700 _aProf. (Dr.) M K Ramesh - GuideProf. (Dr.) M K Ramesh - Guide
856 _uhttps://dans.nls.ac.in/handle/123456789/1974
999 _c216927
_d216927